[Event "Kalamata NOK op 4th"]
[Site "Kalamata"]
[Date "2013.10.27"]
[Round "3.4"]
[White "Klabatseas, Hristos"]
[Black "Labrakopoulos, Alexandros"]
[Result "1-0"]
[WhiteElo "1405"]
[BlackElo "1574"]
[PlyCount "91"]
[EventDate "2013.10.13"]
[EventType "swiss"]
[EventRounds "7"]
[EventCountry "GRE"]
[SourceTitle "EXT 2024"]
[Source "ChessBase"]
[SourceDate "2023.10.10"]
[SourceVersion "1"]
[SourceVersionDate "2023.10.10"]
[SourceQuality "1"]

1. d4 d5 2. c4 c6 3. e3 Nf6 4. Nf3 e6 5. Qc2 Nbd7 6. Nc3 Bd6 7. Bd3 dxc4 8. Bxc4 b5 9. Bd3 Bb7 10. 0-0 a6 11. e4 e5 12. dxe5 Nxe5 13. Nxe5 Bxe5 14. f4 Bd4+ 15. Kh1 Ng4 16. g3 h5 17. Qe2 Qb6 18. Nd1 0-0-0 19. h3 Nf6 20. Be3 c5 21. Bxd4 Rxd4 22. Nf2 Re8 23. Kh2 Nxe4 24. Bxe4 Bxe4 25. Qxh5 g6 26. Qg4+ Bf5 27. Qf3 Qb7 28. Qxb7+ Kxb7 29. g4 Bd7 30. Rad1 Re2 31. Kg1 Rxb2 32. Nd3 Bc6 33. Nxb2 Rb4 34. Nd3 Rc4 35. Ne5 Rc2 36. Rf2 Rc3 37. Kh2 c4 38. Nxf7 b4 39. Ne5 Be4 40. Rb2 a5 41. Rd4 Bd3 42. Nxd3 cxd3 43. Rd2 Kc6 44. R4xd3 Rxd3 45. Rxd3 Kc5 46. Rf3 1-0

[Event "Kalamata NOK op 2nd"]
[Site "Kalamata"]
[Date "2012.11.18"]
[Round "6.5"]
[White "Malamas, Kostas"]
[Black "Klabatseas, Hristos"]
[Result "0-1"]
[WhiteElo "1700"]
[BlackElo "1400"]
[PlyCount "40"]
[EventDate "2012.10.14"]
[EventType "swiss"]
[EventRounds "7"]
[EventCountry "GRE"]
[SourceTitle "EXT 2024"]
[Source "ChessBase"]
[SourceDate "2023.10.10"]
[SourceVersion "1"]
[SourceVersionDate "2023.10.10"]
[SourceQuality "1"]

1. b4 e5 2. Bb2 Bxb4 3. Bxe5 Nf6 4. Nf3 0-0 5. c4 Nc6 6. Bc3 Bxc3 7. Nxc3 d6 8. d4 Re8 9. e3 Bf5 10. Bd3 Bxd3 11. Qxd3 Ne7 12. 0-0 Ng6 13. Rab1 Rb8 14. g3 Qd7 15. Kg2 c6 16. h4 Qg4 17. d5 c5 18. Nh2 Nxh4+ 19. Kh1 Qh3 20. Rg1 Ng4 0-1